000
00268nam a2200097Ia 4500
001
1214747
005
20250827024538.0
008
250824s9999 xx 000 0 und d
245
0
_a
MUHTEŞEM SÜLEYMAN VE HÜRREM SULTAN
_c
YAVUZ BAHADIROĞLU
260
_b
PANAMA YAYINLARI
999
_c
1214747
_d
1214747